00000000cam 2200000zi 4500
0019.954522
003CaOODSP
00520251212102406
006m     o  d f      
007cr mn|||||||||
008250827s2025    onc     ob   f000 0 fre d
020 |a9780660786674
040 |aCaOODSP|bfre|erda|cCaOODSP
043 |an-cn---
0861 |aA104-666/2025F-PDF
24500|aPrésence non déclarée d'allergènes et de gluten dans des produits d'origine végétale - du 1 avril 2021 au 31 janvier 2022.
264 1|a[Ottawa] : |bAgence canadienne d'inspection des aliments = Canadian Food Inspection Agency, |c[2025]
300 |a1 ressource en ligne (10 pages)
336 |atexte|btxt|2rdacontent/fre
337 |ainformatique|bc|2rdamedia/fre
338 |aressource en ligne|bcr|2rdacarrier/fre
500 |aPublié aussi en anglais sous le titre : Undeclared allergens and gluten in plant-based food products - April 1, 2021, to January 31, 2022.
500 |a« Chimie alimentaires – Études ciblées » -- Couverture.
504 |aComprend des références bibliographiques (pages 9-10).
650 6|aProtéines végétales (Aliment)|zCanada|xAnalyse.
650 6|aAllergènes|zCanada|xAnalyse.
650 6|aGluten|xAnalyse.
650 6|aAliments|xContamination|zCanada.
650 6|aAliments|xInspection|zCanada.
7102 |aAgence canadienne d'inspection des aliments, |eorganisme de publication.
77508|tUndeclared allergens and gluten in plant-based food products - April 1, 2021, to January 31, 2022.|w(CaOODSP)9.954521
85640|qPDF|s571 Ko|uhttps://publications.gc.ca/collections/collection_2025/acia-cfia/A104-666-2025-fra.pdf
8564 |qHTML|sS.O.|uhttps://inspection.canada.ca/fr/salubrite-alimentaire-lindustrie/chimie-microbiologie-alimentaires/rapports-danalyse-articles-revues/non-declaree-dallergenes-gluten-produits-2021-2022